000 01054cam a2200217 4500
001 ABS63908
008 000000n2001 000 0 eng u
035 _a(Sirsi) u112176
100 _aHamson, L.
245 _aRules of engagement
260 _c2001
490 _aProperty Week
_v66(14) 6 April 2001, 40-42(3)
520 _aDiscusses the Ministry of Defence's shakeout out of its property services. It has been announced that Defence Estates is planning to extend prime contracting to its estate management. There are fears by some firms that the number of surveyors used to service the properties will be cut back substantially. It will be some months before the firms know their fate and the new estate management strategy will not be implemented until 2004. Table shows the extent of properties and land owned by the Ministry of Defence.
590 _aABS
650 _aMINISTRY OF DEFENCE
650 _aDEFENCE ESTATES
650 _aPRIME CONSULTING
650 _aPROPERTY SERVICES
690 _aPROPERTY MANAGEMENT
_96262
942 _n0
999 _c66812
_d66812